Cantos de Nadal, Aninovo e Reis / (Record no. 40036)
[ view plain ]
| 000 -LEADER | |
|---|---|
| campo de control de longitud fija | 00514nam a2200169 i 4500 |
| 001 - NÚMERO DE CONTROL | |
| campo de control | 40036 |
| 003 - IDENTIFICADOR DE NÚMERO DE CONTROL | |
| campo de control | ES-MaACL |
| 005 - FECHA Y HORA DE LA ÚLTIMA TRANSACCIÓN | |
| campo de control | 20230906160127.0 |
| 007 - CAMPO FIJO DE DESCRIPCIÓN FÍSICA--INFORMACIÓN GENERAL | |
| campo de control de longitud fija | t| |
| 008 - DATOS DE LONGITUD FIJA--INFORMACIÓN GENERAL | |
| campo de control de longitud fija | 030305s1967 sp ||||1| spa d |
| 245 00 - MENCIÓN DEL TÍTULO | |
| Título | Cantos de Nadal, Aninovo e Reis / |
| Mención de responsabilidad, etc. | escolma, ordenación y prólogo de Xosé Mª Alvarez Blázquez. |
| 250 ## - MENCION DE EDICION | |
| Mención de edición | [1ª ed.]. |
| 260 ## - PUBLICACIÓN, DISTRIBUCIÓN, ETC. | |
| Lugar de publicación, distribución, etc. | Vigo : |
| Nombre del editor, distribuidor, etc. | Castrelos, |
| Fecha de publicación, distribución, etc. | [1967] |
| 300 ## - DESCRIPCIÓN FÍSICA | |
| Extensión | 126 p. ; |
| Dimensiones | 18 cm. |
| 700 1# - ENTRADA AGREGADA--NOMBRE PERSONAL | |
| Nombre de persona | Álvarez Blázquez, Xosé María. |
| 9 (RLIN) | 20707 |
| 852 ## - LOCALIZACIÓN | |
| Ubicación | ES-MaACL |
| Número de control de estantería | C-34271 |
| Sublocalización o colección | R.64877 |
| Estatus retirado | Estado de pérdida | Estado de daño | No para préstamo | Biblioteca de origen | Biblioteca actual | Ubicación en estantería | Fecha de adquisición | Fuente de adquisición | Total de préstamos | Signatura topográfica completa | Código de barras | Visto por última vez | Precio de reemplazo | Tipo de ítem Koha |
|---|---|---|---|---|---|---|---|---|---|---|---|---|---|---|
| Biblioteca del Ateneo de Madrid | Biblioteca del Ateneo de Madrid | Depósito 2 | 17/01/2008 | C-34271 | 1042153 | 23/02/2023 | 23/02/2023 | Libro impreso |
